The operas of Richard Strauss in Britain 1910-1963

Sparad:
Bibliografiska uppgifter
Huvudupphovsman: Jefferson, Alan (Författare, medförfattare)
Materialtyp: Bok
Språk:engelska
Publicerad: Londres Putnam 1963
Ämnen:
Taggar: Lägg till en tagg
Inga taggar, Lägg till första taggen!

MARC

LEADER 00000nam a2200000 a 4500
001 UCN3233
003 CL-VaPUC
008 010622e19630000UK |||||||||||||||||eng|d
082 0 4 |a 782.1092  |b JEF  |2 21 
100 |a Jefferson, Alan  |e author  |9 459704 
245 1 4 |a The operas of Richard Strauss in Britain 1910-1963 
300 |a 186 p 
942 |c BK 
945 |d 20010622 00:00:00  |a crobeson 
260 |a Londres  |b Putnam  |c 1963 
600 0 |a Strauss, Richard  |9 306383 
650 7 |a OPERAS ALEMANAS - CRITICA E INTERPRETACION  |2 CL-VaPUC  |9 459510 
650 0 |a Ópera alemana  |9 306436 
650 0 |a Análisis musical  |9 267228 
650 0 |a Compositores alemanes  |9 324765 
583 |a last modification  |c 20010622 00:00:00  |k Rodrigo Vera 
999 |c 296158  |d 296156 
952 |0 0  |1 0  |4 0  |6 782_109200000000000_JEF_1963  |7 0  |8 A  |9 349771  |a BIBEDU  |b BIBEDU  |d 2019-11-20  |i 1234870  |o 782.1092 JEF 1963  |p 1234870  |r 2023-01-12  |w 2019-11-20  |y BK  |k MUS